Normal view
MARC view
Entry Topical Term
001 - CONTROL NUMBER
- control field: 16705
003 - CONTROL NUMBER IDENTIFIER
- control field: ARRUPE
005 - DATE AND TIME OF LATEST TRANSACTION
- control field: 20150327123205.0
008 - FIXED-LENGTH DATA ELEMENTS
- fixed length control field: 150327|| aca||aabn | a|a d
040 ## - CATALOGING SOURCE
- Original cataloging agency: ARRUPE
- Transcribing agency: ARRUPE
150 ## - HEADING--TOPICAL TERM
- Topical term or geographic name as entry element: Peace
- General subdivision: Religious aspects
- General subdivision: Judaism
670 ## - SOURCE DATA FOUND
- Source citation: Work cat.: (ARRUPE): Homolka, W. 16703, Jewish identity in modern times , 1995